1566 1200 1946 1318 1714 1366 1643 1341 1638 1760 1927 1131 1375 1711 1936 1407 1822 1367 1655 1927 1398 1136 1978 1440 1500 1876 1070 1996 1926 1666 1245 1362 1679 1834 1415 1703 1052 1855 1316 1646 1495 1243 1529 1010 1944 1315 1748 1256 1406 1762 1850 1635 1304 1933 1784 1436 1099 1844 1917 1082 1529 1049 1073 1705 1395 1301 1931 1148 1425 1855 1659 1488 1970 1387 1185 1747 1867 1992 1102 1420 1162 1744 1658 1328 1973 1292 1474 1390 1112 1330 1246 1011 1874 1053 1700 1475 1195 1957 1111 BCNSPRNW ULIB Ver.6.0+V

เปลี่ยนเป็นภาษาไทย

Change to English
 แสดงรายละเอียดบรรณานุกรม
  กลับหน้าหลัก

Brief Record : Get Marc (ISO 2709) : E-mail record : QR code < ปิดหน้าต่าง
LEADER : 00000nam 2200000uu 4500
001    13399120558
003     ULIB
008    120927s2547||||th 000 0 tha d
020    ^a9748059987
040    ^abns
050  4 ^aHF5549^bว226ก 2547
245 00 ^aการบริหารอัตรากำลัง :^bชั่วโมงการพยาบาลเพื่อความปลอดภัยต้นทุนและผลิตภาพงาน /^cบรรณาธิการ, วราพร หาญคุณะเศรษฐ
250    ^aพิมพ์ครั้งที่ 1
260    ^aกรุงเทพฯ :^bฝ่ายการพยาบาล โรงพยาบาลศิริราช,^c2547
300    ^a160 หน้า ;^c26 ซม.
650  4 ^aการบริหารงานบุคคล
650  4 ^aการวางแผนกำลังคน
710 2  ^aโรงพยาบาลศิริราช. ^bฝ่ายการพยาบาล
945    ^p120^l0^i13856
995    ^aวิภา
999 ^a ทศพร
รายการนี้ยังไม่มีแท็ก
คุณยังไม่ได้ล็อกอิน คุณสามารถมีกิจกรรมร่วมกับเว็บไซต์ได้ แต่ต้องล็อกอินก่อน ::
  ล็อกอิน

รายการสื่อสารสนเทศ

ลำดับที่ ประเภท เลขเรียก/บาร์โค้ด สถานที่ สถานะ
1. วิทยาศาสตร์การแพทย์ และสุขภาพ
วิทยาศาสตร์การแพทย์ และสุขภาพ
HF5549 ว226ก 2547  
  Barcode: 13856
ห้องสมุดวิทยาเขตสวรรค์ประชารักษ์
►หนังสือทั่วไป
บนชั้น

รายการใกล้เคียง
    หัวเรื่อง [การบริหารงานบุคคล]
    หัวเรื่อง [การวางแผนกำลังคน]

BibComment


ยังไม่เคยถูกคอมเมนท์

คอมเมนท์ทรัพยากรรายการนี้
  คอมเมนท์: การบริหารอัตรากำ..


 Copyright 2026. Bcnsprnw @Library